00457nam a2200157Ia 4500008004100000020001400041040001300055050001100068100002000079245007900099250001600178260003300194300001900227504004000246650001300286100423 1991 xxka |r |||1 ||eng|d a723416281 aNG-ZaABU aRS 995 aRandall , C. J. 0aDisease and disorders of the domestic fowl and turkey /cby C .J. Randall a\\a2nd.ed. aLondon:bmosby-wolfe ,c1991 a175p., ill., : aincludes bibliographical references aPharmacy